1817 1379 1101 1852 1520 1013 1308 1355 1365 1126 1070 1679 1351 1152 1749 1075 1375 1018 1095 1980 1669 1959 1357 1603 1671 1405 1700 1715 1069 1743 1296 1384 1272 1146 1273 1983 1118 1920 1254 1198 1253 1665 1688 1005 1246 1575 1566 1214 1362 1205 1487 1578 1128 1081 1021 1306 1883 1228 1351 1327 1981 1141 1861 1384 1716 1858 1778 1809 1935 1288 1169 1230 1566 1622 1691 1516 1851 1218 1012 1935 1192 1931 1228 1876 1629 1118 1758 1850 1807 1241 1420 1169 1414 1983 1990 1154 1710 1151 1824 BCNSPRNW ULIB Ver.6.0+V

เปลี่ยนเป็นภาษาไทย

Change to English
 แสดงรายละเอียดบรรณานุกรม
  กลับหน้าหลัก

Brief Record : Get Marc (ISO 2709) : E-mail record : QR code < ปิดหน้าต่าง
LEADER : 00000nam 2200000uu 4500
001    13399123198
003     ULIB
008    020711s2548 th a 000 0 tha d
020    9789742120634
020    9742120633
050    HD57.7^bช565บ
100    ชินน์. จอร์จ
245    บุคลิกภาพสู่ความเป็นผู้นำ /^cโดย ชินน์. จอร์จ ,นพดล เวชสวัสดิ์ ; แปล
250    พิมพ์ครั้งที่ 1
260    กรุงเทพฯ :^bซีเอ็ด,^c2548
300    468 หน้า;^b23 ซม.
650    บุคลิกภาพ
700    นพดล เวชสวัสดิ์ ,^eแปล
945    ^p250^l0^i20334
รายการนี้ยังไม่มีแท็ก
คุณยังไม่ได้ล็อกอิน คุณสามารถมีกิจกรรมร่วมกับเว็บไซต์ได้ แต่ต้องล็อกอินก่อน ::
  ล็อกอิน

รายการสื่อสารสนเทศ

ลำดับที่ ประเภท เลขเรียก/บาร์โค้ด สถานที่ สถานะ
1. การศึกษาทั่วไป
การศึกษาทั่วไป
HD57.7 ช565บ ฉ.1 
  Barcode: 20334
ห้องสมุดวิทยาเขตนครสวรรค์
►หนังสือทั่วไป:l:General Books
บนชั้น

รายการใกล้เคียง
    หัวเรื่อง [บุคลิกภาพ]

BibComment


ยังไม่เคยถูกคอมเมนท์

คอมเมนท์ทรัพยากรรายการนี้
  คอมเมนท์: บุคลิกภาพสู่ความเ..


 Copyright 2026. Bcnsprnw @Library